Caricamento...

Ek tha kalakar/

Dettagli Bibliografici
Autore principale: Ramdarash Mishra
Natura: Printed Book
Lingua:Hindi
Pubblicazione: Kanpur : Aman Prakashan, c2018.
LEADER 00515nam a22001697a 4500
008 200113b ||||| |||| 00| 0 hin d
999 |c 347580  |d 347580 
020 |a 9789386604385 
041 |a Hindi 
100 |a Ramdarash Mishra 
245 |a Ek tha kalakar/  |c Ramdarash Mishra 
260 |a Kanpur :  |b Aman Prakashan,  |c c2018. 
300 |a 111p.; 
500 |a Novel 
546 |a Hindi 
942 |c BK 
952 |0 0  |1 0  |2 ddc  |4 0  |7 0  |9 400527  |a HIN  |b HIN  |c ST1  |d 2020-01-13  |e Book Shop  |i 25584  |l 0  |p HIN25584  |r 2020-01-13  |v 250.00  |w 2020-01-13  |y BK